Bramkarze mistrzów Ekstraklasy w XXI w. - foto quiz - Statystyki

Ogólne statystyki
  • Ten quiz został rozwiązany 23 razy
  • Średni wynik to 18 z 25
Statystyki odpowiedzi
Obrazkowy Hint Odpowiedź % Poprawnych
2016 Arkadiusz Malarz
100%
2017 Arkadiusz Malarz
100%
2018 Arkadiusz Malarz
100%
2013 Dušan Kuciak
100%
2014 Dušan Kuciak
100%
2020 Radosław Majecki
95%
2021 Artur Boruc
91%
2006 Łukasz Fabiański
91%
2004 Radosław Majdan
91%
2005 Radosław Majdan
91%
2022 Filip Bednarek
86%
2010 Jasmin Burić
86%
2023 Vladan Kovačević
82%
2012 Marián Kelemen
77%
2019 František Plach
73%
2025 Bartosz Mrozek
68%
2002 Wojciech Kowalewski
64%
2024 Zlatan Alomerović
64%
2008 Mariusz Pawełek
59%
2009 Mariusz Pawełek
55%
2015 Maciej Gostomski
50%
2011 Sergei Pareiko
50%
2001 Artur Sarnat
41%
2003 Angelo Hugues
14%
2007 Michal Václavík
5%
Nie znaleziono quizów pasujących do podanych kryteriów
Rozkład punktacji
Procent ludzi z każdym wynikiem
Percentyl według liczby udzielonych odpowiedzi
Twoja historia wyników
Nie rozwiązałeś tego quizu